Państwa kończące się na „da” - Statystyki

Ogólne statystyki
  • Ten quiz został rozwiązany 180 razy
  • Średni wynik to 3 z 5
Statystyki odpowiedzi
Nazwa państwa % Poprawnych
Kanada
85%
Rwanda
51%
Uganda
51%
Grenada
49%
Antigua i Barbuda
23%
Nie znaleziono quizów pasujących do podanych kryteriów
Rozkład punktacji
Procent ludzi z każdym wynikiem
Percentyl według liczby udzielonych odpowiedzi
Twoja historia wyników
Nie rozwiązałeś tego quizu